[Event "Hampstead op U2200 07"]
[Site "Hampstead"]
[Date "2013.07.21"]
[Round "5"]
[White "Balakrishnan, Naveen"]
[Black "Pattni, Kishan"]
[Result "1-0"]
[WhiteElo "2026"]
[BlackElo "1727"]
[PlyCount "67"]
[EventDate "2013.07.20"]
[EventType "swiss"]
[EventRounds "5"]
[EventCountry "ENG"]
[SourceTitle "EXT 2023"]
[Source "ChessBase"]
[SourceDate "2022.10.05"]
[SourceVersion "1"]
[SourceVersionDate "2022.10.05"]
[SourceQuality "1"]

1. d4 Nf6 2. c4 g6 3. Nc3 Bg7 4. e4 d6 5. Be2 c6 6. Nf3 Bg4 7. Nd2 Bxe2 8. Qxe2 e5 9. d5 cxd5 10. cxd5 0-0 11. 0-0 Nbd7 12. b3 a6 13. Nc4 Nb6 14. Bd2 Nh5 15. g3 f5 16. Nxb6 Qxb6 17. exf5 Rxf5 18. Na4 Qd8 19. Qe3 Rf7 20. Nb6 Rb8 21. Ba5 Qf8 22. Qe4 Nf6 23. Qa4 Qe8 24. Qc4 Nd7 25. Rac1 Nxb6 26. Bxb6 Qd7 27. Qb4 Rff8 28. Rc7 Qf5 29. Qxd6 e4 30. Qe7 Qe5 31. d6 Rfe8 32. Qf7+ Kh8 33. Rd1 Rf8 34. Qxg7+ 1-0

[Event "Hampstead op U2200 07"]
[Site "Hampstead"]
[Date "2013.07.21"]
[Round "4"]
[White "Madynski, Pawel"]
[Black "Balakrishnan, Naveen"]
[Result "1-0"]
[WhiteElo "2092"]
[BlackElo "2026"]
[PlyCount "65"]
[EventDate "2013.07.20"]
[EventType "swiss"]
[EventRounds "5"]
[EventCountry "ENG"]
[SourceTitle "EXT 2023"]
[Source "ChessBase"]
[SourceDate "2022.10.05"]
[SourceVersion "1"]
[SourceVersionDate "2022.10.05"]
[SourceQuality "1"]

1. Nc3 c5 2. e4 d6 3. f4 Nf6 4. Nf3 g6 5. Bb5+ Nc6 6. Bxc6+ bxc6 7. d3 Bg7 8. 0-0 0-0 9. Qe1 Qb6 10. Kh1 c4 11. dxc4 Ba6 12. e5 Ne8 13. b3 Nc7 14. Ba3 Rfe8 15. Rd1 Rad8 16. Na4 Qb8 17. Qh4 Ne6 18. exd6 exd6 19. f5 gxf5 20. Qh5 Nf8 21. Ng5 Qc7 22. Bxd6 Rxd6 23. Rxd6 Qxd6 24. Qxf7+ Kh8 25. Qxe8 Qf6 26. Nf3 Qd6 27. Re1 c5 28. Ne5 Qd2 29. Nf3 Qd6 30. Qe7 Qc6 31. Qxc5 Qf6 32. Qe7 Qc6 33. Ne5 1-0

[Event "Hampstead op U2200 07"]
[Site "Hampstead"]
[Date "2013.07.20"]
[Round "2"]
[White "Haridas, Girinath"]
[Black "Balakrishnan, Naveen"]
[Result "0-1"]
[WhiteElo "1755"]
[BlackElo "2026"]
[PlyCount "106"]
[EventDate "2013.07.20"]
[EventType "swiss"]
[EventRounds "5"]
[EventCountry "ENG"]
[SourceTitle "EXT 2023"]
[Source "ChessBase"]
[SourceDate "2022.10.05"]
[SourceVersion "1"]
[SourceVersionDate "2022.10.05"]
[SourceQuality "1"]

1. d4 Nf6 2. c4 c5 3. d5 b5 4. cxb5 a6 5. f3 e6 6. e4 c4 7. Nc3 axb5 8. dxe6 fxe6 9. Nxb5 Qa5+ 10. Nc3 Bb4 11. Bd2 d5 12. Nge2 Nc6 13. exd5 exd5 14. Nb1 Bf5 15. Bc3 Qc5 16. Ng3 Bg6 17. a3 0-0 18. axb4 Qe3+ 19. Qe2 Qxe2+ 20. Bxe2 Rxa1 21. 0-0 Rxb1 22. b5 Rxf1+ 23. Bxf1 Ne7 24. Bb4 Kf7 25. Bd6 Ke6 26. Bc7 Be8 27. b6 Bc6 28. Ne2 Ne8 29. Nd4+ Kd7 30. Bg3 Nf5 31. Nxc6 Kxc6 32. Be5 Kxb6 33. g4 Nfd6 34. Bd4+ Kb5 35. Kg2 Rf7 36. Be2 Nc7 37. Be5 Re7 38. Bxd6 Rxe2+ 39. Kf1 Rxb2 40. Bxc7 g6 41. Be5 Rb3 42. Ke2 Kc5 43. f4 d4 44. f5 Re3+ 45. Kd2 Rxe5 46. f6 Re8 47. g5 Kd5 48. h4 Ke5 49. Kc2 h6 50. Kd2 hxg5 51. hxg5 Kf5 52. Kc2 Kxg5 53. f7 Rf8 0-1